Which Elvis? Sudden Death. - Statistics

General Stats
  • This quiz has been taken 100 times
  • The average score is 8 of 9
Answers on the Grid
Answers color-coded by a green-red scale on the quiz's grid according to % correct below.
Are You Lonesome Tonight?
Watching the Detectives
Jailhouse Rock
Little Sister
Alison
Veronica
A Little Less Conversation
Heartbreak Hotel
Return to Sender
Teddy Bear
Everyday I Write the Book
All Shook Up
Send Lawyers, Guns, & Money
Pump it Up
Radio Radio
Don't be Cruel
 
Answer Stats
Answer % Correct
Are You Lonesome Tonight?
97%
Jailhouse Rock
97%
Heartbreak Hotel
95%
Don't be Cruel
94%
All Shook Up
91%
Return to Sender
86%
A Little Less Conversation
83%
Teddy Bear
82%
Little Sister
73%
No matching quizzes found
Score Distribution
Percent of People with Each Score
Percentile by Number Answered
Your Score History
You have not taken this quiz